=LDR 00000nam 2200000 4500 =001 INLIS000000000009943 =005 20130612101710 =008 ***********************************Ind** =035 ##$$0010-061300000009943 =041 ##$$a Ind =090 ##$$a F Rom D, Mak i =100 ##$$a Mukherjee, Bharati =245 ##$$a Istri, Bharati Mukherjee =260 ##$$a 2001 $b Yogyakarta =300 ##$$a xx, 283 hlm, 21 cm =650 ##$$a Fiksi Dewasa-terjemahan =850 ##$$a NBPNMAT